| 000 | 00336pam a2200133 a 4500 | ||
|---|---|---|---|
| 020 | _c | ||
| 041 | _h | ||
| 100 | _aCoddington, Earl A. | ||
| 245 |
_aTheory Of Ordinary Differeential Equations _hTextual Documents |
||
| 260 |
_aNew Delhi _bTata McGraw Hill _c2011 |
||
| 300 | _a429 pg. | ||
| 700 | _aCoddington, Levinson. | ||
| 930 | _a8890 | ||
| 999 |
_c85796 _d85796 |
||